000 00904nam a2200241 a 4500
003 DO-SdBNP
005 20250116073945.0
006 a||||br 00| 0
007 ta
008 180508s1982 a 000 spa d
040 _aDO-SdBNP
_bspa
_cBNPHU
_erda
082 4 _222
_bS446c
110 1 _aRepública Dominicana.
_bSecretaría de Estado de Educación, Bellas Artes y Cultos
_eautor
_923965
245 1 0 _aCaminito:
_blibro de lectura primer grado de educación primaria. /
264 1 _aSanto Domingo :
_bSecretaría de Estado de Educación, Bellas Artes y Cultos,
_c1981
300 _a101 páginas :
_bIlustraciones ;
_c25 cm
336 _2rdacontent
_atexto
_btxt
337 _2rdamedia
_asin mediación
_bn
338 _2rdacarrier
_avolumen
_bnc
500 _aPlan Oficial de Distribución de texto del Gobierno Constitucional 1978-1982.
590 _aInventariado 2023 / MF
942 _2ddc
_cLBS1
999 _c46844
_d46844